Ako vyrátať náklady v doprave

Činnosti a procesy, ktoré predstavujú vlastné náklady ako základný nástroj ekonomického riadenia podniku. Kalkulácia skutočných nákladov na dopravu z hľadiska jej optimálneho fungovania, sledovania, plánovania a kontroly riadenia nákladov na dopravu v podniku.

Salvato in:
Dettagli Bibliografici
Autore principale: Hudec, Marián
Natura: Capitolo di libro
Lingua:slovacco
Soggetti:
Tags: Aggiungi Tag
Nessun Tag, puoi essere il primo ad aggiungerne!!

MARC

LEADER 00000naa a2200000 4500
001 0168694
005 20231011123309.2
041 0 |a slo 
044 |a SK 
245 1 0 |a Ako vyrátať náklady v doprave  |c Marián Hudec 
520 |a Činnosti a procesy, ktoré predstavujú vlastné náklady ako základný nástroj ekonomického riadenia podniku. Kalkulácia skutočných nákladov na dopravu z hľadiska jej optimálneho fungovania, sledovania, plánovania a kontroly riadenia nákladov na dopravu v podniku. 
610 2 0 |a kalkulácia nákladov 
610 2 0 |a náklady a ceny 
610 2 0 |a náklady priame 
610 2 0 |a náklady nepriame 
610 2 0 |a kontroling 
610 2 0 |a služby dopravné 
610 2 0 |a preprava 
100 1 |a Hudec, Marián